| 000 | 00620nam a2200217Ia 4500 | ||
|---|---|---|---|
| 005 | 20250923144909.0 | ||
| 008 | 008 250917s9999 xx 000 0 eng d | ||
| 037 | _aTextual | ||
| 040 |
_aDSWL _beng _cDSWL |
||
| 041 |
_aeng _2eng |
||
| 084 |
_aX:9:72.N6, K2 _qDSWL |
||
| 100 |
_aWoods, H.D. _9829545 |
||
| 245 | 0 |
_aLabour policy and labour economics in - Canada _cby H.D. Woods |
|
| 260 |
_aToronto _bMacmillan of Canada _c1962 |
||
| 300 | _axvii,534p. | ||
| 365 |
_aINR _b45 |
||
| 700 |
_aSylvia Ostry _9829546 |
||
| 925 | _g45 | ||
| 942 |
_cTEXL _hX:9:72.N6, K2 |
||
| 999 |
_c1444710 _d1444710 |
||